000
00299nam a2200145Ia 4500
100
_a
Veerarajan/T
942
_c
BK
654
_a
Mathematics
245
_a
Engineering Mathematics
260
_b
Tata Mc Graw hill
_c
2002
082
_a
511
_b
VEE
300
_a
641
546
_a
ENGLISH
999
_c
21625
_d
21625